[Event "Titled Tue 3rd Jun Early"]
[Site "chess.com INT"]
[Date "2025.06.03"]
[Round "5"]
[White "Daianu, Cristian-Clement"]
[Black "Ternault, Mathieu"]
[Result "0-1"]
[WhiteTitle "FM"]
[BlackTitle "FM"]
[WhiteElo "2205"]
[BlackElo "2273"]
[WhiteFideId "1208926"]
[BlackFideId "20641532"]
[EventDate "2025.06.03"]

1. e4 Nf6 2. e5 Nd5 3. d4 d6 4. Nf3 Bg4 5. Bc4 e6 6. Bb3 Nc6 7. exd6 Bxd6 8. c3
O-O 9. h3 Bh5 10. O-O Qf6 11. Nbd2 Bf4 12. Ne4 Qh6 13. Ng3 Bg6 14. c4 Ndb4 15.
Bxf4 Qxf4 16. Ne2 Qf6 17. Qd2 Rad8 18. Qe3 Bd3 19. a3 Bxe2 20. Qxe2 Na6 21. d5
exd5 22. cxd5 Nc5 23. Bc4 Rfe8 24. Qc2 Ne5 25. Nxe5 Rxe5 26. b4 Ne4 27. Rad1
Rde8 28. Ba2 Nd6 29. Bb1 g6 30. Qa4 a6 31. Qa5 R8e7 32. Rc1 b6 33. Qxa6 Kg7 34.
Qa8 h5 35. Qc8 Nxc8 0-1

[Event "Titled Tue 3rd Jun Early"]
[Site "chess.com INT"]
[Date "2025.06.03"]
[Round "5"]
[White "Diachek, Andrii"]
[Black "Klymchuk, Andriy"]
[Result "1-0"]
[WhiteTitle "CM"]
[BlackTitle "FM"]
[WhiteElo "2226"]
[BlackElo "2405"]
[WhiteFideId "34106499"]
[BlackFideId "14140063"]
[EventDate "2025.06.03"]

1. c4 g6 2. Nc3 Bg7 3. g3 d6 4. Bg2 e5 5. d3 Nd7 6. e4 Ne7 7. Nge2 O-O 8. O-O f5
9. Be3 h6 10. d4 fxe4 11. Bxe4 Nf5 12. Qd2 exd4 13. Nxd4 Nxe3 14. Qxe3 Ne5 15.
f4 Ng4 16. Qd3 g5 17. fxg5 Rxf1+ 18. Rxf1 Qxg5 19. Bd5+ Kh8 20. Nf3 Qe3+ 21.
Qxe3 Nxe3 22. Re1 c6 23. Rxe3 cxd5 24. Re8+ Kh7 25. Nxd5 b6 26. Nc7 Rb8 27. b3
a6 28. Nxa6 Ra8 29. Nc7 Rb8 30. Nb5 Ra8 31. Nxd6 Bb7 32. Rxa8 Bxa8 33. Kf2 Bf8
34. Nb5 Kg6 35. Ne5+ Kf5 36. Nd7 Be7 37. Ke2 Bd8 38. Nd4+ Kg4 39. Ne6 Be7 40.
Nxb6 Bc6 41. Nd5 Bd6 42. Nd4 Bd7 43. Nf6+ Kh3 44. Nxd7 Kxh2 45. Nf5 1-0

[Event "Titled Tue 3rd Jun Early"]
[Site "chess.com INT"]
[Date "2025.06.03"]
[Round "5"]
[White "Jia, Haoxiang"]
[Black "Yanev, Tihomir"]
[Result "1-0"]
[WhiteTitle "IM"]
[BlackTitle "IM"]
[WhiteElo "2316"]
[BlackElo "2354"]
[WhiteFideId "8602999"]
[BlackFideId "2910110"]
[EventDate "2025.06.03"]

1. Nf3 Nf6 2. g3 g6 3. Bg2 Bg7 4. O-O O-O 5. d3 d5 6. Nbd2 c5 7. e4 Nc6 8. c3
Qc7 9. Re1 dxe4 10. dxe4 b6 11. e5 Nd5 12. Nc4 Rd8 13. Qe2 Bb7 14. h4 b5 15. Na3
a6 16. h5 b4 17. cxb4 cxb4 18. Nc4 Rac8 19. hxg6 hxg6 20. e6 f5 21. Bg5 Nd4 22.
Nxd4 Qxc4 23. Qxc4 Rxc4 24. Nb3 Rcc8 25. Bxe7 Nxe7 26. Bxb7 Rc2 27. Rad1 Rxd1
28. Rxd1 Bxb2 29. Rd7 Bf6 30. Bxa6 Rxa2 31. Bc4 Rc2 32. Na5 Kf8 33. Bb3 Rc3 34.
Kg2 g5 35. Rd8+ Kg7 36. Rd7 Kg6 37. Rb7 Nc6 38. Nxc6 Rxc6 39. e7 Rc8 40. e8=Q+
Rxe8 41. Bf7+ Kh6 42. Bxe8 1-0

[Event "Titled Tue 3rd Jun Early"]
[Site "chess.com INT"]
[Date "2025.06.03"]
[Round "5"]
[White "Teterev, Vitaly"]
[Black "Philipp, Mathias"]
[Result "1-0"]
[WhiteTitle "GM"]
[BlackTitle "CM"]
[WhiteElo "2258"]
[BlackElo "2159"]
[WhiteFideId "13501429"]
[BlackFideId "12958883"]
[EventDate "2025.06.03"]

1. e4 c5 2. Nf3 Nc6 3. Bb5 Nf6 4. Nc3 Qc7 5. O-O Nd4 6. Re1 Nxb5 7. Nxb5 Qc6 8.
Nc3 d6 9. d4 Bg4 10. d5 Qd7 11. h3 Bxf3 12. Qxf3 g6 13. e5 dxe5 14. Rxe5 Bg7 15.
Qe2 Nh5 16. Re4 Nf6 17. Re3 h5 18. Bd2 Rd8 19. Re1 O-O 20. Rxe7 Qc8 21. Qc4 a6
22. a4 Rd7 23. Bf4 b5 24. axb5 axb5 25. Qxb5 Rxd5 26. Nxd5 Nxd5 27. R7e4 f5 28.
Qc4 fxe4 29. Qxd5+ Kh7 30. Qxe4 Bxb2 31. g3 Bd4 32. Kg2 Qf5 33. Qxf5 Rxf5 34. h4
Kg7 35. Re6 Rd5 36. Rc6 Kf7 37. c4 Rf5 38. Kf3 Bc3 39. Ke4 Bd4 40. f3 Bg1 41. g4
hxg4 42. fxg4 Rf6 43. Rxf6+ Kxf6 44. Be3 Bxe3 45. Kxe3 Ke5 46. h5 gxh5 47. gxh5 1-0

[Event "Titled Tue 3rd Jun Early"]
[Site "chess.com INT"]
[Date "2025.06.03"]
[Round "5"]
[White "Aarav Sinha"]
[Black "Iskusnyh, Sergei"]
[Result "0-1"]
[WhiteTitle "FM"]
[BlackTitle "GM"]
[WhiteElo "2255"]
[BlackElo "2440"]
[WhiteFideId "25674064"]
[BlackFideId "4120027"]
[EventDate "2025.06.03"]

1. e4 e6 2. d4 d5 3. Nd2 c5 4. Ngf3 cxd4 5. Nxd4 Nc6 6. Bb5 Bd7 7. Nxc6 bxc6 8.
Bd3 Bd6 9. O-O Ne7 10. Qe2 O-O 11. e5 Bc7 12. Nf3 Ng6 13. g3 f5 14. h4 Qb8 15.
Re1 h6 16. c4 a5 17. h5 Ne7 18. Bf4 a4 19. Kg2 c5 20. Qd2 Ba5 21. Qc1 Bxe1 22.
Bxh6 gxh6 23. Qxh6 Rf7 24. Rxe1 Rh7 25. Qg5+ Rg7 26. Qf6 d4 27. h6 Rf7 28. h7+
Rxh7 29. Ng5 Rg7 30. Rh1 Bc6+ 31. f3 Qxb2+ 32. Kg1 Qc1+ 33. Kg2 Qd2+ 34. Kg1
Qxg5 35. Qxe6+ Rf7 36. Rh3 Bxf3 37. Bc2 Qe3+ 0-1

[Event "Titled Tue 3rd Jun Early"]
[Site "chess.com INT"]
[Date "2025.06.03"]
[Round "5"]
[White "Nguyen, Ngoc Truong Son"]
[Black "Tahmasebi, Hamidreza"]
[Result "1-0"]
[WhiteTitle "GM"]
[BlackTitle "FM"]
[WhiteElo "2632"]
[BlackElo "2298"]
[WhiteFideId "12401110"]
[BlackFideId "12537527"]
[EventDate "2025.06.03"]

1. e4 c6 2. d4 d5 3. e5 c5 4. c4 Nc6 5. Nf3 cxd4 6. cxd5 Qxd5 7. Nc3 Qa5 8. Nxd4
Qxe5+ 9. Be3 Nf6 10. Qa4 Bd7 11. Nxc6 Bxc6 12. Bb5 Qc7 13. Rc1 e6 14. Bxc6+ bxc6
15. Ne2 Nd5 16. O-O Bd6 17. Rxc6 Qd7 18. Nc3 O-O 19. Nxd5 exd5 20. Rfc1 Rab8 21.
b3 Be5 22. Qxa7 Qf5 23. h3 Rfd8 24. Bd4 Bf4 25. Re1 Ra8 26. Qc5 Rxa2 27. b4 h5
28. b5 Kh7 29. b6 Bb8 30. Qc3 Qf4 31. Qd3+ g6 32. g3 Qg5 33. Qf3 Rd7 34. Rc8 f6
35. Rxb8 h4 36. Bxf6 Rf7 37. Rh8# 1-0

[Event "Titled Tue 3rd Jun Early"]
[Site "chess.com INT"]
[Date "2025.06.03"]
[Round "5"]
[White "Calvo Gonzalez, Jose Felix"]
[Black "Ostensen, Nicolai Maxime"]
[Result "0-1"]
[WhiteTitle "CM"]
[BlackTitle "FM"]
[WhiteElo "2168"]
[BlackElo "2283"]
[WhiteFideId "54505615"]
[BlackFideId "1546970"]
[EventDate "2025.06.03"]

1. e4 e5 2. Nf3 Nc6 3. Bc4 Nf6 4. Ng5 d5 5. exd5 Na5 6. Bb5+ c6 7. dxc6 bxc6 8.
Bd3 Nd5 9. Nf3 Qc7 10. O-O Bd6 11. Nc3 f5 12. Nxd5 cxd5 13. Bb5+ Nc6 14. d4 e4
15. Ne5 Bxe5 16. dxe5 Be6 17. Bf4 O-O 18. Rc1 Rab8 19. c4 d4 20. Bxc6 Qxc6 21.
Qxd4 Rfd8 22. Qc3 Rd3 23. Qc2 h6 24. Rfd1 Qxc4 25. Qxc4 Bxc4 26. Rxd3 Bxd3 27.
b3 g5 28. Be3 a5 29. g3 Kf7 30. Rc6 a4 31. Rxh6 axb3 32. axb3 Rxb3 33. Rf6+ Ke7
34. h4 Rb1+ 35. Kh2 g4 36. h5 Be2 37. Rxf5 Bf3 38. Rxf3 exf3 39. h6 Kf7 40. e6+
Kg6 41. e7 Rb8 42. Bb6 Re8 43. Bd8 Kxh6 44. Kg1 Kg6 45. Kf1 Rh8 46. Ke1 Kf7 47.
Kd2 Rh1 48. Ke3 Rh2 49. Kf4 Rxf2 50. Kxg4 Rf1 51. Bb6 Kxe7 52. Kf4 Kf6 53. g4
Kg6 54. Kg3 Rb1 55. Bf2 Rb3 0-1

[Event "Titled Tue 3rd Jun Early"]
[Site "chess.com INT"]
[Date "2025.06.03"]
[Round "5"]
[White "Myagmarsuren, Evsuld"]
[Black "Danzer, George"]
[Result "0-1"]
[WhiteTitle "FM"]
[BlackTitle "CM"]
[WhiteElo "2292"]
[BlackElo "2172"]
[WhiteFideId "1551639"]
[BlackFideId "4659465"]
[EventDate "2025.06.03"]

1. d4 Nf6 2. Nf3 g6 3. g3 Bg7 4. Bg2 O-O 5. O-O d5 6. c4 c6 7. Nc3 Bf5 8. cxd5
cxd5 9. Qb3 Qb6 10. Nxd5 Nxd5 11. Qxd5 Nc6 12. e3 e5 13. Nxe5 Nxe5 14. dxe5 Rfe8
15. Qxb7 Qxb7 16. Bxb7 Rab8 17. Bf3 Bxe5 18. a4 Rec8 19. a5 Rc5 20. Kg2 Rbb5 21.
a6 Rc2 22. e4 Bc8 23. Be3 Rbxb2 24. Bxa7 Ra2 25. Rxa2 Rxa2 26. Rc1 Bxa6 27. Be3
Bd3 28. h4 Ra4 29. h5 gxh5 30. Rc5 f6 31. Bxh5 Bxe4+ 32. f3 Bg6 33. Bxg6 hxg6
34. Rd5 Ra2+ 35. Kh3 Kf7 36. Rd7+ Ke6 37. Rg7 g5 38. Kg4 Ra3 39. Bxg5 f5+ 40.
Kh5 Bxg7 41. g4 Rxf3 42. Kg6 Be5 43. gxf5+ Rxf5 44. Be3 Bf4 45. Bf2 Rg5+ 46. Kh7
Kf7 47. Kh6 Rg2+ 48. Kh5 Rxf2 49. Kg4 Rf1 50. Kf5 Rb1 0-1

[Event "Titled Tue 3rd Jun Early"]
[Site "chess.com INT"]
[Date "2025.06.03"]
[Round "5"]
[White "Mikhalsky, Vladimir"]
[Black "Viana, Dirceu"]
[Result "1-0"]
[BlackTitle "FM"]
[WhiteElo "2219"]
[BlackElo "2188"]
[WhiteFideId "14144352"]
[BlackFideId "2101360"]
[EventDate "2025.06.03"]

1. d4 e6 2. e4 d5 3. e5 b6 4. Qg4 Ne7 5. h4 h5 6. Qf4 Qd7 7. Nc3 Ba6 8. Nf3 Bxf1
9. Kxf1 Nbc6 10. Ng5 Nf5 11. Be3 Bb4 12. f3 Bxc3 13. bxc3 Na5 14. Bf2 Qb5+ 15.
Kg1 Qb2 16. Rf1 Qxc2 17. g4 Nh6 18. Rh2 Nc4 19. Be1 Qb1 20. Rg2 hxg4 21. fxg4
O-O-O 22. h5 Rhf8 23. Bh4 Qd3 24. Rf3 Qd1+ 25. Kh2 Kb7 26. Nh7 Rh8 27. Bxd8 Rxh7
28. Bg5 Rh8 29. Bh4 a5 30. Bf2 a4 31. Bg1 a3 32. Rf1 Qd3 33. Qf3 Qxf3 34. Rxf3
b5 35. Be3 Nxe3 36. Rxe3 c5 37. dxc5 Kc6 38. Rf3 Kxc5 39. Rf4 Ra8 40. Kh3 Rb8
41. Rgf2 1-0

[Event "Titled Tue 3rd Jun Early"]
[Site "chess.com INT"]
[Date "2025.06.03"]
[Round "5"]
[White "Zhigalko, Sergei"]
[Black "Rubes, Jan"]
[Result "1-0"]
[WhiteTitle "GM"]
[BlackTitle "IM"]
[WhiteElo "2572"]
[BlackElo "2426"]
[WhiteFideId "13502956"]
[BlackFideId "338176"]
[EventDate "2025.06.03"]

1. e4 e5 2. Nf3 Nc6 3. Bc4 Nf6 4. d3 Bc5 5. O-O d6 6. c3 a5 7. Nbd2 Ba7 8. Re1
O-O 9. Nf1 Be6 10. Bb5 Ne7 11. Ng3 c6 12. Ba4 b5 13. Bc2 Ng6 14. h3 h6 15. d4
Qc7 16. Be3 Rfe8 17. Qd2 d5 18. dxe5 Bxe3 19. Qxe3 Nxe5 20. Nxe5 Qxe5 21. f4 Qc7
22. e5 Nh7 23. Kh2 Nf8 24. Nh5 f5 25. g4 Qf7 26. Qf3 Ng6 27. Rg1 fxg4 28. Bxg6
Qxg6 29. hxg4 Rf8 30. f5 Qg5 31. Raf1 d4 32. cxd4 Bd5 33. Qg3 Bxa2 34. Rf2 Rad8
35. Nf4 Rxd4 36. e6 Rfd8 37. Nh3 Qf6 38. g5 hxg5 39. Qxg5 Qe5+ 40. Rg3 Rd3 41.
f6 Rxg3 42. f7+ Kf8 43. Qxd8# 1-0

[Event "Titled Tue 3rd Jun Early"]
[Site "chess.com INT"]
[Date "2025.06.03"]
[Round "5"]
[White "Dominguez, Ramiro"]
[Black "Shapiro, Daniel"]
[Result "1-0"]
[WhiteTitle "FM"]
[BlackTitle "FM"]
[WhiteElo "2185"]
[BlackElo "2284"]
[WhiteFideId "4420055"]
[BlackFideId "2001780"]
[EventDate "2025.06.03"]

1. e4 c5 2. Ne2 Nc6 3. g3 g6 4. Bg2 Bg7 5. c3 e5 6. d3 d6 7. Be3 Nge7 8. O-O O-O
9. d4 b6 10. h3 Ba6 11. d5 Nb8 12. Nd2 Nd7 13. c4 f5 14. b3 h6 15. Rc1 Nf6 16.
f4 Nxe4 17. Nxe4 fxe4 18. Bxe4 Bc8 19. Kh2 Nf5 20. Bg1 Bd7 21. Qd3 Qe7 22. Rce1
Rae8 23. Bg2 Qd8 24. Nc3 exf4 25. gxf4 Qh4 26. Rxe8 Bxe8 27. Ne4 Bd4 28. Bxd4
cxd4 29. Rf3 Ne3 30. Qxd4 Nxg2 31. Kxg2 Qe7 32. Ng3 Bd7 33. Ne4 Kh7 34. Rg3 Rf5
35. Qd3 Rxf4 36. Nf2 Bf5 37. Qd2 Rh4 38. Qe3 Qxe3 39. Rxe3 Kg7 40. Kg3 Rd4 41.
Re7+ Kf6 42. Rxa7 h5 43. Rb7 h4+ 44. Kf3 Rd2 45. Rxb6 Rxa2 46. Rxd6+ Ke5 47. Rb6
Rc2 48. Ng4+ Kd4 49. Kf4 1-0

[Event "Titled Tue 3rd Jun Early"]
[Site "chess.com INT"]
[Date "2025.06.03"]
[Round "5"]
[White "King, Alexander"]
[Black "Bolashakov, Nurali"]
[Result "0-1"]
[WhiteTitle "FM"]
[BlackTitle "CM"]
[WhiteElo "2263"]
[BlackElo "2184"]
[WhiteFideId "2063620"]
[BlackFideId "13792105"]
[EventDate "2025.06.03"]

1. d4 Nf6 2. Nf3 g6 3. g3 Bg7 4. Bg2 O-O 5. O-O d5 6. c4 c6 7. cxd5 cxd5 8. Nc3
Ne4 9. Ne5 Nxc3 10. bxc3 Nc6 11. Nxc6 bxc6 12. Qa4 Qb6 13. Bf4 Qa6 14. Qxa6 Bxa6
15. Rfb1 Bxe2 16. Re1 Bc4 17. Rxe7 Rfe8 18. Rc7 Rec8 19. Rd7 Rd8 20. Bh3 f5 21.
Rxd8+ Rxd8 22. Bf1 Bxf1 23. Kxf1 h6 24. h4 c5 25. dxc5 Rc8 26. Bd6 Bxc3 27. Rb1
Bd4 28. Rd1 Bf6 29. Rxd5 Rc6 30. Rd3 Kf7 31. Ra3 a6 32. Rb3 Ke6 33. Rb7 h5 34.
Rb8 Bd4 35. Rg8 Kf7 36. Ra8 Ke6 37. a4 Kd5 38. Rd8 Bxc5 39. Bf4+ Kc4 40. Rg8 Kb4
41. Bg5 Kxa4 42. f3 Kb3 43. Kg2 a5 0-1

[Event "Titled Tue 3rd Jun Early"]
[Site "chess.com INT"]
[Date "2025.06.03"]
[Round "5"]
[White "Dambaev, Dashi"]
[Black "Skytte, Robert"]
[Result "1-0"]
[WhiteTitle "CM"]
[BlackTitle "CM"]
[WhiteElo "2211"]
[BlackElo "2007"]
[WhiteFideId "55628494"]
[BlackFideId "1471775"]
[EventDate "2025.06.03"]

1. d4 d5 2. c4 e6 3. Nf3 Nf6 4. Nc3 c5 5. cxd5 exd5 6. Bg5 Be6 7. Qb3 Qb6 8.
Bxf6 Qxb3 9. axb3 gxf6 10. e3 Nc6 11. Bb5 Bd6 12. Na4 cxd4 13. Nxd4 Rc8 14. Rc1
Bd7 15. Nc5 Bxc5 16. Rxc5 a6 17. Bxc6 Bxc6 18. b4 O-O 19. Kd2 Rcd8 20. Nxc6 bxc6
21. Rxc6 Rb8 22. Kc3 Rfc8 23. Rxc8+ Rxc8+ 24. Kb3 Rb8 25. Ra1 Rb6 26. Ra5 Rd6
27. g4 Kf8 28. Rc5 f5 29. gxf5 Ke7 30. b5 axb5 31. Rxb5 d4 32. Ra5 d3 33. Ra1 d2
34. Rd1 Rf6 35. e4 Rh6 36. Rxd2 Rh3+ 37. Kc4 Rxh2 38. b4 h5 39. b5 Rh1 40. Rb2
h4 41. b6 Rc1+ 42. Kd4 Rc8 43. e5 h3 44. f4 Rb8 45. Kc5 Rc8+ 46. Kb5 f6 47. b7
Rh8 48. Kb6 Rb8 49. Ka7 Rxb7+ 50. Kxb7 Kf8 51. Rh2 fxe5 52. fxe5 Ke7 53. Rxh3
Kf7 54. Rh7+ Kg8 55. Rc7 Kf8 56. Kc6 Ke8 57. Kd6 Kf8 58. Re7 Kg8 59. f6 Kf8 60.
Ke6 Kg8 61. Kf5 Kf8 62. Kg6 Kg8 63. Re8# 1-0

[Event "Titled Tue 3rd Jun Early"]
[Site "chess.com INT"]
[Date "2025.06.03"]
[Round "5"]
[White "Oleksiyenko, Mykhaylo"]
[Black "Lau, Lut Yin Luke"]
[Result "1-0"]
[WhiteTitle "GM"]
[BlackTitle "CM"]
[WhiteElo "2569"]
[BlackElo "2243"]
[WhiteFideId "4152417"]
[BlackFideId "6002226"]
[EventDate "2025.06.03"]

1. e4 e6 2. d4 d5 3. Nd2 dxe4 4. Nxe4 Bd7 5. c4 Bc6 6. Nc3 Nf6 7. Nf3 b6 8. Be2
Be7 9. Ne5 Bb7 10. O-O O-O 11. Bf3 Qc8 12. Re1 Rd8 13. Be3 Nbd7 14. Nc6 Re8 15.
Nxe7+ Rxe7 16. Be2 Re8 17. Qc2 c5 18. Rad1 cxd4 19. Rxd4 Qc6 20. f3 Rac8 21.
Red1 Ne5 22. b3 Ng6 23. Rd6 Qc7 24. Nb5 Qb8 25. R6d2 Nh4 26. Nd6 Nf5 27. Nxe8
Nxe3 28. Nxf6+ gxf6 29. Qc3 Nxd1 30. Qxf6 Nf2 31. Qg5+ Kf8 32. Qh6+ Ke7 33. Qh4+
Ke8 34. Kxf2 Qe5 35. Qxh7 Qc5+ 36. Kf1 Qa5 37. Qh8+ Ke7 38. Qh4+ Ke8 39. Qd4 Kf8
40. h4 Qa3 41. Qd7 Ba6 42. Qd6+ Qxd6 43. Rxd6 Ke7 44. Rd4 Rh8 45. g3 Bb7 46. f4
Kf6 47. Rd7 Rb8 48. h5 a5 49. g4 Be4 50. Kf2 Bc6 51. g5+ Kg7 52. h6+ Kg6 53.
Bd3+ f5 54. Rg7+ Kh5 55. h7 Rh8 56. g6 Kh6 57. Rg8 1-0

[Event "Titled Tue 3rd Jun Early"]
[Site "chess.com INT"]
[Date "2025.06.03"]
[Round "5"]
[White "Madi, Aidana"]
[Black "Fernandez Siles, Luis"]
[Result "0-1"]
[WhiteTitle "WFM"]
[BlackTitle "FM"]
[WhiteElo "1855"]
[BlackElo "2170"]
[WhiteFideId "13722689"]
[BlackFideId "2209420"]
[EventDate "2025.06.03"]

1. e4 c5 2. d4 cxd4 3. c3 Nf6 4. e5 Nd5 5. Nf3 Nc6 6. Bc4 Nb6 7. Bb3 d6 8. exd6
Qxd6 9. cxd4 Be6 10. O-O Bxb3 11. Qxb3 e6 12. Nc3 Be7 13. Rd1 Nb4 14. a3 N4d5
15. Qb5+ Qd7 16. Nxd5 Nxd5 17. Qxd7+ Kxd7 18. Ne5+ Ke8 19. Be3 f6 20. Nd3 Rc8
21. Rac1 Kf7 22. Nc5 b6 23. Ne4 Rhd8 24. h4 h5 25. Ng3 g6 26. Ne4 Bf8 27. g3 Ke7
28. Kg2 Kd7 29. Nd2 Ne7 30. Ne4 Bg7 31. Nc3 Rc4 32. d5 e5 33. Nb5 Rxc1 34. Rxc1
Nxd5 35. Nxa7 Nxe3+ 36. fxe3 Ke6 37. Rc2 Kf5 38. Nb5 Rd3 39. Kf2 Bh6 40. Re2 Kg4
41. Nc3 f5 42. e4 Rf3+ 43. Ke1 f4 0-1

[Event "Titled Tue 3rd Jun Early"]
[Site "chess.com INT"]
[Date "2025.06.03"]
[Round "5"]
[White "Laddha, Shubh Jayesh"]
[Black "Kravtsiv, Martyn"]
[Result "1-0"]
[WhiteTitle "FM"]
[BlackTitle "GM"]
[WhiteElo "2303"]
[BlackElo "2598"]
[WhiteFideId "30942799"]
[BlackFideId "14113147"]
[EventDate "2025.06.03"]

1. e4 e5 2. Nf3 Nc6 3. Bb5 a6 4. Ba4 Nf6 5. d3 b5 6. Bb3 Be7 7. a4 b4 8. a5 O-O
9. O-O Rb8 10. Nbd2 d6 11. Nc4 Be6 12. Bd2 Qc8 13. h3 h6 14. Re1 Rd8 15. Qe2 Bf8
16. Kh2 Qb7 17. Be3 g6 18. Qd2 Kh7 19. Kg1 Bg7 20. Rad1 Qb5 21. Ra1 Qb7 22. Rad1
d5 23. Ncxe5 dxe4 24. Nxc6 Qxc6 25. Nd4 Qe8 26. Nxe6 fxe6 27. d4 Nd5 28. Qe2 Qb5
29. Bc4 Qc6 30. Bxa6 e5 31. dxe5 Nxe3 32. fxe3 Bxe5 33. Bc4 Bxb2 34. Rxd8 Rxd8
35. Rf1 Rd7 36. a6 Qc5 37. Kh1 Be5 38. Qg4 Rg7 39. Qxe4 h5 40. Rf7 Kh6 41. Rxg7
Bxg7 42. Bd3 Qg5 43. a7 Qg3 44. Qxg6+ 1-0

[Event "Titled Tue 3rd Jun Early"]
[Site "chess.com INT"]
[Date "2025.06.03"]
[Round "5"]
[White "Ismagilov, Damir"]
[Black "Wagner, Dennis"]
[Result "0-1"]
[WhiteTitle "CM"]
[BlackTitle "GM"]
[WhiteElo "2173"]
[BlackElo "2616"]
[WhiteFideId "34199982"]
[BlackFideId "24650684"]
[EventDate "2025.06.03"]

1. d4 e6 2. c4 d5 3. Nc3 a6 4. cxd5 exd5 5. Qb3 Nc6 6. Nf3 Nge7 7. Bg5 f6 8. Bf4
g5 9. Bg3 g4 10. Nh4 Nxd4 11. Qa4+ Nec6 12. e3 Nf5 13. Qxg4 Nxg3 14. Qxg3 Bd6
15. Qg7 Rf8 16. Qxh7 Qe7 17. Qh5+ Qf7 18. Qxf7+ Kxf7 19. Nxd5 Be6 20. Nc3 Nb4
21. Rc1 Nxa2 22. Nxa2 Bxa2 23. Bc4+ Bxc4 24. Rxc4 Ke6 25. Ke2 f5 26. g4 fxg4 27.
Rxg4 Rg8 28. Rhg1 Rxg4 29. Rxg4 b5 30. f4 a5 31. e4 a4 32. f5+ Kf7 33. Nf3 b4
34. e5 a3 35. bxa3 bxa3 36. exd6 a2 37. Rg1 a1=Q 38. Rxa1 Rxa1 39. Ng5+ Kf6 40.
Ne4+ Ke5 41. d7 Ra8 42. Nc5 Rd8 43. Kd3 Kd5 44. Ne6 Rxd7 45. Ke3 Ke5 46. Nc5 Rh7
47. Ne4 0-1

[Event "Titled Tue 3rd Jun Early"]
[Site "chess.com INT"]
[Date "2025.06.03"]
[Round "5"]
[White "Zaw, Ye Htut"]
[Black "Omariev, Maksim"]
[Result "0-1"]
[WhiteTitle "CM"]
[BlackTitle "FM"]
[WhiteElo "2180"]
[BlackElo "2304"]
[WhiteFideId "13013955"]
[BlackFideId "4193423"]
[EventDate "2025.06.03"]

1. e4 c5 2. Nf3 d6 3. d4 cxd4 4. Nxd4 Nf6 5. Nc3 a6 6. Be2 e6 7. Be3 Be7 8. O-O
O-O 9. f4 Qc7 10. Bf3 Nc6 11. Nb3 b6 12. e5 Nd7 13. exd6 Bxd6 14. Be4 Bb7 15.
Qd2 Nf6 16. Rad1 Rfd8 17. Qf2 Ng4 18. Qf3 Nxe3 19. Qxe3 Na5 20. Bxb7 Nxb7 21.
Ne4 Bf8 22. c3 Nd6 23. Nd4 Nxe4 24. Qxe4 g6 25. Nc6 Rxd1 26. Rxd1 Rc8 27. Ne5
Rd8 28. Rd3 Rd6 29. Ng4 Qd8 30. Rxd6 Bxd6 31. Kf1 Be7 32. Qd4 Qxd4 33. cxd4 h5
34. Ne5 Bd6 35. g3 Kg7 36. Nd7 Bc7 37. Ke2 f6 38. Kd3 Kf7 39. d5 exd5 40. Kd4
Ke7 0-1

[Event "Titled Tue 3rd Jun Early"]
[Site "chess.com INT"]
[Date "2025.06.03"]
[Round "5"]
[White "Ghosh, Chanchal Kumer"]
[Black "Viskelis, Darius"]
[Result "0-1"]
[WhiteTitle "CM"]
[BlackTitle "FM"]
[WhiteElo "2018"]
[BlackElo "2165"]
[WhiteFideId "10201858"]
[BlackFideId "12800830"]
[EventDate "2025.06.03"]

1. e4 e5 2. Nf3 Nf6 3. Nxe5 d6 4. Nf3 Nxe4 5. Qe2 Qe7 6. d3 Nf6 7. Be3 Bg4 8.
Nc3 Nc6 9. h3 Bh5 10. g4 Bg6 11. g5 Nd7 12. Nd5 Qd8 13. Nxc7+ Ke7 14. Bb6+ Nde5
15. Nd5+ Kd7 16. Bxd8 Rxd8 17. O-O-O Kc8 18. Bg2 Bf5 19. Nxe5 dxe5 20. Qe3 Bd6
21. Kb1 Rhe8 22. Rhe1 Kb8 23. Qd2 Bc5 24. a3 Be6 25. Nc3 f6 26. gxf6 gxf6 27.
Bxc6 bxc6 28. Ne4 Bd4 29. Nxf6 Rf8 30. Ne4 Bd5 31. Qa5 Ka8 32. Nc5 Rb8 33. Na4
Rxf2 34. Rf1 Rh2 35. Rf6 e4 36. Rd6 exd3 37. c3 Bf3 38. Rc1 Be3 39. Rf1 d2 40.
Rd7 d1=Q+ 0-1

[Event "Titled Tue 3rd Jun Early"]
[Site "chess.com INT"]
[Date "2025.06.03"]
[Round "5"]
[White "Rustemov, Alexander"]
[Black "Antoniou, Rafail"]
[Result "0-1"]
[WhiteTitle "GM"]
[BlackTitle "CM"]
[WhiteElo "2525"]
[BlackElo "2134"]
[WhiteFideId "4119002"]
[BlackFideId "5904390"]
[EventDate "2025.06.03"]

1. d4 d5 2. c4 e6 3. Nc3 Nf6 4. cxd5 exd5 5. Bg5 c6 6. e3 Be6 7. Bd3 Nbd7 8. Qc2
h6 9. Bh4 g5 10. Bg3 Nh5 11. Nge2 Nxg3 12. Nxg3 Qf6 13. Nh5 Qe7 14. Bf5 O-O-O
15. O-O-O Kb8 16. Rhe1 Nf6 17. Ng3 h5 18. h3 g4 19. hxg4 Nxg4 20. f3 Nxe3 21.
Rxe3 Bh6 22. Nf1 Bxf5 23. Qxf5 Bxe3+ 24. Kc2 Qg5 25. Nxe3 Qxe3 26. Qxf7 Rdf8 27.
Qd7 Qe8 28. Qxe8+ Rxe8 29. Rh1 Rhg8 30. Rh2 Rg5 31. Kd3 Reg8 32. Ne2 Rxg2 33.
Rxh5 Re8 34. Re5 Rf8 35. Ke3 Rh2 36. f4 Rfh8 37. Ng3 Rxb2 38. f5 Rxa2 39. f6 Rh3
40. Rg5 Ra3+ 41. Kf2 Rh2+ 42. Kg1 Rh6 43. Nh5 Rf3 44. Kg2 Rfxf6 45. Nxf6 Rxf6
46. Kg3 Kc7 47. Rg7+ Kb6 48. Rh7 a5 49. Rh1 Ka6 50. Kg4 b5 51. Kg5 Rf8 52. Rh6
Kb6 53. Rh1 a4 54. Rb1 Ka5 55. Rc1 a3 56. Rxc6 b4 57. Rc5+ Ka4 58. Rc7 a2 59.
Ra7+ Kb3 0-1

[Event "Titled Tue 3rd Jun Early"]
[Site "chess.com INT"]
[Date "2025.06.03"]
[Round "5"]
[White "Souleidis, Georgios"]
[Black "Behzad Nazif, Parva"]
[Result "1-0"]
[WhiteTitle "IM"]
[BlackTitle "WIM"]
[WhiteElo "2418"]
[BlackElo "2090"]
[WhiteFideId "4206827"]
[BlackFideId "12563790"]
[EventDate "2025.06.03"]

1. d4 Nf6 2. Nf3 g6 3. e3 Bg7 4. Bd3 O-O 5. O-O d6 6. b3 c5 7. Bb2 cxd4 8. exd4
Nc6 9. a3 d5 10. h3 Ne4 11. c4 Nf6 12. c5 a5 13. Nc3 e6 14. Na4 Nd7 15. Re1 Re8
16. Bb5 Qc7 17. Rc1 Qf4 18. Bc3 Nf6 19. Nb6 Rb8 20. Bd2 Qc7 21. Ne5 Ne4 22. Bxa5
Bxe5 23. dxe5 Qe7 24. Bb4 Qh4 25. Qe2 Nd4 26. Qe3 Nxb5 27. f3 Ng3 28. Red1 Nf5
29. Qf2 Qg5 30. Bd2 Qe7 31. a4 Nbd4 32. g4 Nxb3 33. gxf5 Nxc1 34. Rxc1 exf5 35.
f4 Be6 36. a5 Rbc8 37. Qd4 Rc6 38. Kg2 h5 39. Be3 Kh7 40. Rb1 Rd8 41. Bf2 g5 42.
Kh2 gxf4 43. Qxf4 Rg8 44. Rc1 Bc8 45. Bh4 Qe6 46. Bf6 Qe8 47. Qh4 Rg6 48. Qxh5+
Rh6 49. Qg5 f4 50. Qg7# 1-0